Barča není lenochod /

Příběhy zvídavé holčičky Barči s pohádovými prvky a někdy s lehkým poučením, jindy s překvapivým koncem.

Uloženo v:
Hlavní autor: Svozilová, Kateřina, 1967- (Autor, Ilustrátor)
Médium: Kniha
Jazyk:Czech
Vydáno: Praha : Euromedia Group, 2026
Vydání:Vydání první
Edice:Pikola (Euromedia)
Témata:
Celkem bylo vypůjčeno:0x
Tagy:
Žádné tagy
LEADER 02237nam a2200481 i 4500
001 106666
003 CZ PrNK
005 20260630073221.0
007 ta
008 260615s2026 xr a b 000 j cze
015 |a cnb003764544 
020 |a 9788028414771  |q (vázáno) 
040 |a ABG001  |b cze  |e rda 
072 7 |a 821.162.3-3  |x Česká próza  |2 Konspekt  |9 25 
072 7 |a 821-93  |x Literatura pro děti a mládež (beletrie)  |2 Konspekt  |9 26 
080 |a 821.162.3-32  |2 MRF 
080 |a 821-93  |2 MRF 
080 |a (0.027.6)74/77  |2 MRF 
080 |a (0:82-32)  |2 MRF 
100 1 |a Svozilová, Kateřina,  |d 1967-  |7 xx0264412  |4 aut  |9 116431  |4 ill 
245 1 0 |a Barča není lenochod /  |c Kateřina Svozilová 
250 |a Vydání první 
264 1 |a Praha :  |b Euromedia Group,  |c 2026 
300 |a 68 stran :  |b barevné ilustrace ;  |c 25 cm 
336 |a text  |b txt  |2 rdacontent 
336 |a statický obraz  |b sti  |2 rdacontent 
337 |a bez média  |b n  |2 rdamedia 
338 |a svazek  |b nc  |2 rdacarrier 
490 1 |a Pikola 
520 2 |a Příběhy zvídavé holčičky Barči s pohádovými prvky a někdy s lehkým poučením, jindy s překvapivým koncem.  |b Viset celý den na větvi je pořádná fuška! Barča je obyčejná neobyčejná holka s obrovskou představivostí, chutí si hrát a objevovat svět. Všechno to zajímavé kolem ní jí pomáhají zkoumat rodiče, ale taky zvířátka - kočka Micka, pejsek Alík, rybička Alenka nebo i sýkorka, žabka a zajíček. Naučí se spolu spoustu věcí, prožijí neobvyklá dobrodružství a třeba i pomohou přírodě. Nakladatelská anotace. Kráceno. 
521 8 |a Pro děti od 4 let 
655 7 |a české příběhy  |7 fd133973  |2 czenas  |9 54030 
655 7 |a autorské knihy  |7 fd756049  |2 czenas  |9 54984 
655 7 |a publikace pro děti  |7 fd133156  |2 czenas  |9 23 
655 9 |a Czech stories  |2 eczenas 
655 9 |a authors' books  |2 eczenas 
655 9 |a children's literature  |2 eczenas 
710 2 |a Euromedia Group  |7 kn20100114009  |4 pbl  |9 117126 
830 0 |a Pikola (Euromedia) 
910 |a UOG502 
942 |2 ddc  |c KN 
999 |d 106666 
993 |0 0  |1 421180107390  |2 ddc  |4 0  |6 M  |7 0  |9 100161  |b 0  |c 107390  |d 2026-06-30  |e 0  |f M  |g M  |h 299.00  |i Koupě  |l M  |r 2026-06-30  |t 8  |w 2026-06-30  |y KN  |z BELET  |n